| 000 | 01276cam a22002651 4500 | ||
|---|---|---|---|
| 001 | gs 54000201 | ||
| 003 | DLC | ||
| 005 | 20260227111401.0 | ||
| 008 | 780301s1953 xx 000 0 eng c | ||
| 010 | _ags 54000201 | ||
| 035 | _a(OCoLC)3680842 | ||
| 040 |
_aU.S. Geol. Survey. Libr. _cOT _dOCoLC _dDLC |
||
| 042 | _apremarc | ||
| 050 | 0 | 0 |
_aQE129 _b.A2 no. 77 |
| 082 | _a551.49 | ||
| 100 | 1 | _aLusk, Tracy Wallace. | |
| 245 | 0 | 0 | _aWater levels and artesian pressures in observation wells in Mississippi 1938-1952. |
| 260 |
_aUniversity, Miss., _c1953. |
||
| 300 |
_a65 p. _bmap, fold. diagrs., tables. _c23 cm. |
||
| 410 | 2 | 0 |
_aMississippi Geological, Economic, and Topographical Survey _tBulletin _v77 |
| 500 | _a"Covers the cooperative ground water investigations by the Mississippi State Geological survey and the U.S. Geological Survey and the U.S. Geological Survey during 1938-1947, results of which were published by the Federal Survey as a page or so in each of their annual regional reports of a number of States ... [It] also covers the investigations by the State Geological Survey alone during 1948-1952, heretofore unpublished." | ||
| 650 | 0 |
_aWater-supply _zMississippi. |
|
| 650 | 0 |
_aGroundwater _zMississippi. |
|
| 650 | 0 |
_aArtesian wells _zMississippi. |
|
| 999 |
_c28859 _d28859 |
||